<?xml version="1.0" encoding="UTF-8"?><?xml-stylesheet type="text/xsl" href="static/style.xsl"?><OAI-PMH xmlns="http://www.openarchives.org/OAI/2.0/" xmlns:xsi="http://www.w3.org/2001/XMLSchema-instance" xsi:schemaLocation="http://www.openarchives.org/OAI/2.0/ http://www.openarchives.org/OAI/2.0/OAI-PMH.xsd"><responseDate>2026-04-13T16:53:16Z</responseDate><request verb="GetRecord" identifier="oai:www.recercat.cat:2072/305924" metadataPrefix="marc">https://recercat.cat/oai/request</request><GetRecord><record><header><identifier>oai:recercat.cat:2072/305924</identifier><datestamp>2026-01-15T14:12:33Z</datestamp><setSpec>com_2072_300912</setSpec><setSpec>com_2072_4427</setSpec><setSpec>col_2072_301309</setSpec></header><metadata><record xmlns="http://www.loc.gov/MARC21/slim" xmlns:dcterms="http://purl.org/dc/terms/" xmlns:xsi="http://www.w3.org/2001/XMLSchema-instance" xmlns:doc="http://www.lyncode.com/xoai" xsi:schemaLocation="http://www.loc.gov/MARC21/slim http://www.loc.gov/standards/marcxml/schema/MARC21slim.xsd">
   <leader>00925njm 22002777a 4500</leader>
   <datafield ind2=" " ind1=" " tag="042">
      <subfield code="a">dc</subfield>
   </datafield>
   <datafield ind2=" " ind1=" " tag="720">
      <subfield code="a">Wu, Yichen</subfield>
      <subfield code="e">author</subfield>
   </datafield>
   <datafield ind2=" " ind1=" " tag="720">
      <subfield code="a">Izquierdo, Susana</subfield>
      <subfield code="e">author</subfield>
   </datafield>
   <datafield ind2=" " ind1=" " tag="720">
      <subfield code="a">Vidossich, Pietro</subfield>
      <subfield code="e">author</subfield>
   </datafield>
   <datafield ind2=" " ind1=" " tag="720">
      <subfield code="a">Lledos, Agustí</subfield>
      <subfield code="e">author</subfield>
   </datafield>
   <datafield ind2=" " ind1=" " tag="720">
      <subfield code="a">Shafir, Alexandr</subfield>
      <subfield code="e">author</subfield>
   </datafield>
   <datafield ind2=" " ind1=" " tag="260">
      <subfield code="c">2016</subfield>
   </datafield>
   <datafield ind2=" " ind1=" " tag="520">
      <subfield code="a">&lt;p>   &lt;span lang="EN-US" style="margin: 0px; color: rgb(0, 0, 170); font-family: &amp;quot;Cambria&amp;quot;,serif; font-size: 12pt;">The synthesis of N-arylimidazoles substituted at the sterically encumbered 5-position is a challenge for modern synthetic approaches. A new family of imidazolyl aryliodonium salts is reported, which serve as a stepping stone on the way to selective formation of N1-aryl-5-iodoimidazoles. Iodine acts as a &amp;ldquo;universal&amp;rdquo; placeholder poised for replacement by aryl substituents. These new &amp;lambda;&lt;sup>3&lt;/sup>-iodanes are produced by treating the NH-imidazole with ArI(OAc)&lt;sub>2&lt;/sub>, and are converted to N1-aryl-5-iodoimidazoles by a selective copper-catalyzed aryl migration. The method tolerates a variety of aryl fragments and is also applicable to substituted imidazoles.&lt;/span>&lt;/p></subfield>
   </datafield>
   <datafield ind1="8" ind2=" " tag="024">
      <subfield code="a">http://hdl.handle.net/2072/305924</subfield>
   </datafield>
   <datafield ind1="8" ind2=" " tag="024">
      <subfield code="a">https://doi.org/10.1002/anie.201602569</subfield>
   </datafield>
   <datafield ind2="0" ind1="0" tag="245">
      <subfield code="a">NH-Heterocyclic Aryliodonium Salts and their Selective Conversion into N1-Aryl-5-iodoimidazoles</subfield>
   </datafield>
</record></metadata></record></GetRecord></OAI-PMH>